书目信息 |
| 题名: |
姚明传
|
|
| 作者: | 杨毅 著 | |
| 分册: | ||
| 出版信息: | 北京 新星出版社 2012 |
|
| 页数: | 382页 | |
| 开本: | 24cm | |
| 丛书名: | ||
| 单 册: | ||
| 中图分类: | K825.47=76 , K825.47=76 | |
| 科图分类: | ||
| 主题词: | 人物--传记--中国 | |
| 电子资源: | ||
| ISBN: | 978-7-5133-0775-8 | |
| 000 | 01025nam0 2200289 450 | |
| 001 | 1573856761 | |
| 005 | 20150706203200.56 | |
| 010 | @a978-7-5133-0775-8@dCNY45.00 | |
| 090 | @aK825.4@byy | |
| 096 | @aK825.4@byy | |
| 100 | @a20120919d2012 em y0chiy50 ea | |
| 101 | 0 | @achi |
| 102 | @aCN@b110000 | |
| 105 | @ay z 000yb | |
| 106 | @ar | |
| 200 | 1 | @a姚明传@Ayao ming zhuan@b专著@f杨毅著 |
| 210 | @a北京@c新星出版社@d2012 | |
| 215 | @a382页@d24cm@e1光盘 | |
| 307 | @a附光盘:ISRC CN-A55-09-0049-0 | |
| 330 | @a本书讲述了姚明从出生到退役这三十多年间发生的或激动人心、或鲜为人知的故事。作者把自己曾亲身经历的、在报道中写过的、或者那些从来没有在报纸与解说中透露过的故事,真实地记录下来。并赋予了自己独到、犀利的见解与评论。 | |
| 600 | 0 | @a姚明@f(1980- )@x传记 |
| 606 | 0 | @a人物@x传记@x中国 |
| 690 | @aK825.47=76@v5 | |
| 690 | @aK825.47=76@v4 | |
| 701 | 0 | @a杨毅@c(篮球运动)@Ayang yi@4著 |
| 801 | 0 | @aCN@b北京新华书店首都发行所有限公司数据中心@c20120815 |
| 905 | @aZUCC@dK825.47=76@et11 | |
| 姚明传/杨毅著 .-北京:新星出版社,2012 |
| 382页;24cm+1光盘 |
| ISBN 978-7-5133-0775-8:CNY45.00 |
| 本书讲述了姚明从出生到退役这三十多年间发生的或激动人心、或鲜为人知的故事。作者把自己曾亲身经历的、在报道中写过的、或者那些从来没有在报纸与解说中透露过的故事,真实地记录下来。并赋予了自己独到、犀利的见解与评论。 |
| ● |
| 相关链接 |
|
|
|
|
正题名:姚明传
索取号:K825.47=76/t11
 
预约/预借
| 序号 | 登录号 | 条形码 | 馆藏地/架位号 | 状态 | 备注 |
| 1 | 6940061 | 269400613 | 密集书库-体育系/ [索取号:K825.47=76/t11] | 在馆 | |
| 2 | 6940062 | 269400622 | 体育系资料室/ [索取号:K825.47=76/t11] | 在馆 |